全国重点文物保护单位数量达到20家的10个县级行政区 - Statistics

General Stats
  • This quiz has been taken 28 times
  • The average score is 6 of 10
Answer Stats
所在省份 名次 数量 县级行政区 % Correct
直辖市 1 44家 北京市西城区
96%
直辖市 2 37家 北京市东城区
96%
直辖市 =5 22家 北京市海淀区
75%
江苏省 =3 24家 苏州市姑苏区
68%
山西省 =9 20家 山西省平遥县
64%
安徽省 =5 22家 安徽省歙县
54%
河南省 =3 24家 河南省登封市
50%
山西省 =5 22家 山西省高平市
32%
河北省 =5 22家 河北省蔚县
21%
山西省 =9 20家 山西省泽州县
18%
No matching quizzes found
Score Distribution
Percent of People with Each Score
Percentile by Number Answered
Your Score History
You have not taken this quiz